|
|
|
|
| LEADER |
00000nas a2200000 a 4500 |
| 001 |
ssj0000805 |
| 003 |
WaSeSS |
| 005 |
20200512172242.0 |
| 006 |
m d |
| 007 |
cr n |
| 008 |
050614c19719999dcuqr pss 0 a0eng c |
| 010 |
|
|
|a 2008212667
|
| 022 |
|
|
|a 1938-369X
|l 0049-3155
|y 0049-3155
|
| 030 |
|
|
|a TLCMBT
|
| 035 |
|
|
|a (WaSeSS)ssj0000805
|
| 037 |
|
|
|b Technical Communication, 901 N. Stuart St., Ste. 904, Arlington, VA 22203-1854
|
| 040 |
|
|
|a OCLCS
|b eng
|c OCLCS
|d THD
|d UX1
|d NSD
|d OCLCQ
|d CO3
|d LLB
|d OCLCQ
|d WEA
|d OCLCQ
|d COO
|d CGU
|d OCLCF
|d OCLCQ
|d BUF
|d VT2
|d WaSeSS
|
| 042 |
|
|
|a nsdp
|a pcc
|
| 050 |
|
4 |
|a T11
|b .S2
|
| 082 |
1 |
0 |
|a 808
|2 14
|
| 082 |
0 |
4 |
|a 808/.066/602105
|
| 130 |
0 |
|
|a Technical communication (Online)
|
| 222 |
|
0 |
|a Technical communication
|b (Online)
|
| 245 |
1 |
0 |
|a Technical communication
|h [electronic resource].
|
| 246 |
1 |
3 |
|a STC technical communication
|
| 260 |
|
|
|a [Washington, D.C.] :
|b Society for Technical Communication
|
| 310 |
|
|
|a Quarterly
|
| 362 |
1 |
|
|a Print began with v. 18, no. 4, 3d quarter 1971.
|
| 500 |
|
|
|a At head of title: STC, <vol. 44, no. 2>-
|
| 500 |
|
|
|a Official journal of the Society for Technical Communication.
|
| 506 |
|
|
|a License restrictions may limit access.
|
| 538 |
|
|
|a Mode of access: World Wide Web.
|
| 580 |
|
|
|a Vol. 47, no. 1 issued jointly with v. 43, no. 1 of IEEE transactions on professional communication.
|
| 588 |
|
|
|a Description based on print version record.
|
| 650 |
|
0 |
|a Technical writing
|v Periodicals.
|
| 650 |
|
6 |
|a Rédaction technique
|v Périodiques.
|
| 650 |
|
7 |
|a Technical writing.
|2 fast
|0 (OCoLC)fst01144965
|
| 650 |
1 |
7 |
|a Gebruikersinterfaces.
|2 gtt
|
| 650 |
1 |
7 |
|a Gebruiksinstructie.
|2 gtt
|
| 650 |
1 |
7 |
|a Communicatiemiddelen.
|2 gtt
|
| 650 |
1 |
7 |
|a Technische wetenschappen.
|2 gtt
|
| 650 |
1 |
7 |
|a Cognitieve processen.
|2 gtt
|
| 650 |
1 |
7 |
|a Informatiesystemen.
|2 gtt
|
| 655 |
|
0 |
|a Electronic journals.
|
| 710 |
2 |
|
|a Society for Technical Communication.
|
| 776 |
0 |
8 |
|i Print version:
|t Technical communication (Washington)
|x 0049-3155
|w (DLC) 76618728
|w (OCoLC)3316919
|
| 777 |
0 |
|
|t IEEE transactions on professional communication
|
| 780 |
0 |
0 |
|t Technical communications
|
| 856 |
4 |
0 |
|z Full text available from Research Library: 02/01/1994 to 11/30/2005
|u https://search.proquest.com/publication/49110
|